| 000 | 00365nam a2200097Ia 4500 | ||
|---|---|---|---|
| 008 | 160725s9999 xx 000 0 und d | ||
| 100 | _aIgnacio, Aris E. | ||
| 245 | 2 | _aA simulation-based implementation of the five basic models of neural networks. | |
| 260 |
_bKaizen Research Journal College of Information Technology _cJanuary 2014 |
||
| 650 | _aINFORMATION TECHNOLOGY | ||
| 999 |
_c298008 _d298008 |
||